[Event "Ceske Budejovice Open-A 2019"]
[Site "Ceske Budejovice"]
[Date "2019.07.03"]
[Round "5.16"]
[White "Barak, David"]
[Black "Szotkowski, David"]
[Result "1-0"]
[WhiteElo "2015"]
[BlackElo "1869"]
[Annotator "NA"]
[PlyCount "105"]
[EventDate "2019.07.02"]
[EventCountry "CZE"]
[SourceTitle "playchess.com"]
[Source "ChessBase"]
[SourceQuality "1"]
[TimeControl "5400+30"]

1. d4 {[%emt 0:00:00]} Nf6 {[%emt 0:03:02]} 2. c4 {[%emt 0:00:00]} c5 {[%emt 0:00:17]} 3. d5 {[%emt 0:00:00]} e5 {[%emt 0:00:09]} 4. Nc3 {[%emt 0:00:17]} d6 {[%emt 0:00:14]} 5. e4 {[%emt 0:00:37]} g6 {[%emt 0:00:45]} 6. Be2 {[%emt 0:02:14]} Bg7 {[%emt 0:00:41]} 7. Nf3 {[%emt 0:09:01]} O-O {[%emt 0:00:53]} 8. O-O {[%emt 0:04:48]} Ne8 {[%emt 0:05:53]} 9. Bg5 {[%emt 0:13:43]} f6 {[%emt 0:02:59]} 10. Bh4 {[%emt 0:01:02]} Bg4 {[%emt 0:06:20]} 11. Nd2 {[%emt 0:05:57]} Bxe2 {[%emt 0:01:18]} 12. Qxe2 {[%emt 0:00:18]} Qc8 {[%emt 0:00:47]} 13. Rab1 {[%emt 0:04:30]} f5 {[%emt 0:07:45]} 14. a3 {[%emt 0:07:49]} h6 {[%emt 0:10:56]} 15. f3 {[%emt 0:08:01]} g5 {[%emt 0:13:44]} 16. Bf2 {[%emt 0:02:39]} f4 {[%emt 0:00:16]} 17. b4 {[%emt 0:02:22]} Nd7 {[%emt 0:01:26]} 18. Nb3 {[%emt 0:04:26]} b6 {[%emt 0:06:46]} 19. Rfd1 {[%emt 0:05:33]} cxb4 {[%emt 0:10:27]} 20. axb4 {[%emt 0:00:13]} Rf7 {[%emt 0:00:50]} 21. Rbc1 {[%emt 0:06:08]} Bf8 {[%emt 0:00:54]} 22. Nb5 {[%emt 0:04:38]} a6 {[%emt 0:03:57]} 23. Nc3 {[%emt 0:01:24]} Rb8 {[%emt 0:02:20]} 24. Na4 {[%emt 0:01:48]} Rb7 {[%emt 0:03:32]} 25. Rc3 {[%emt 0:01:07]} Qb8 {[%emt 0:01:41]} 26. Rdc1 {[%emt 0:01:19]} Kh7 {[%emt 0:00:25]} 27. Qa2 {[%emt 0:02:21]} Nc7 {[%emt 0:05:20]} 28. Nb2 {[%emt 0:02:15]} Ne8 {[%emt 0:00:23]} 29. Nd3 {[%emt 0:03:46]} Nc7 {[%emt 0:00:40]} 30. Qc2 {[%emt 0:01:14]} Kg6 {[%emt 0:01:03]} 31. Ra1 {[%emt 0:01:09]} Kh7 {[%emt 0:00:40]} 32. Qc1 {[%emt 0:01:07]} Kg7 {[%emt 0:00:43]} 33. Rc2 {[%emt 0:00:44]} Kh7 {[%emt 0:00:21]} 34. Qa3 {[%emt 0:01:47]} Kg7 {[%emt 0:00:45]} 35. Rac1 {[%emt 0:00:15]} Kh7 {[%emt 0:00:21]} 36. Qa1 {[%emt 0:00:12]} Kg8 {[%emt 0:00:45]} 37. h3 {[%emt 0:00:48]} Kh7 {[%emt 0:00:12]} 38. Kh2 {[%emt 0:01:13]} Kg8 {[%emt 0:00:11]} 39. c5 {[%emt 0:00:53]} bxc5 {[%emt 0:03:36]} 40. Na5 {[%emt 0:00:18]} Rb5 {[%emt 0:01:14]} 41. bxc5 {[%emt 0:00:00]} dxc5 {[%emt 0:00:00]} 42. Nxc5 {[%emt 0:00:00]} Bxc5 {[%emt 0:00:00]} 43. Bxc5 {[%emt 0:00:00]} Nxc5 {[%emt 0:00:00]} 44. Rxc5 {[%emt 0:00:00]} Rxc5 {[%emt 0:00:00]} 45. Rxc5 {[%emt 0:00:00]} Nb5 {[%emt 0:00:00]} 46. Nc6 {[%emt 0:00:00]} Qb6 {[%emt 0:00:00]} 47. Rc4 {[%emt 0:00:00]} Nd6 {[%emt 0:00:00]} 48. Ra4 {[%emt 0:00:00]} Qf2 {[%emt 0:00:00]} 49. Nxe5 {[%emt 0:02:32]} Rc7 {[%emt 0:00:00]} 50. Nc6 {[%emt 0:01:19]} Rb7 {[%emt 0:00:00]} 51. Ra2 {[%emt 0:01:01]} Qc5 {[%emt 0:00:00]} 52. Rxa6 {[%emt 0:00:45]} Qf2 {[%emt 0:00:00]} 53. Ra8+ 1-0

[Event "Ceske Budejovice Open-A 2019"]
[Site "Ceske Budejovice"]
[Date "2019.07.03"]
[Round "5.17"]
[White "Rolinek, Dominik"]
[Black "Pavlicek, Petr"]
[Result "1/2-1/2"]
[WhiteElo "2004"]
[BlackElo "1828"]
[Annotator "NA"]
[PlyCount "87"]
[EventDate "2019.07.02"]
[EventCountry "CZE"]
[SourceTitle "playchess.com"]
[Source "ChessBase"]
[SourceQuality "1"]
[TimeControl "5400+30"]

1. d4 {[%emt 0:00:00]} d5 {[%emt 0:00:00]} 2. Bf4 {[%emt 0:00:00]} e6 {[%emt 0:00:08]} 3. Nf3 {[%emt 0:00:00]} Nf6 {[%emt 0:00:07]} 4. e3 {[%emt 0:00:00]} Be7 {[%emt 0:00:20]} 5. h3 {[%emt 0:00:04]} O-O {[%emt 0:00:15]} 6. Bd3 {[%emt 0:00:04]} b6 {[%emt 0:00:25]} 7. Nbd2 {[%emt 0:00:10]} Bb7 {[%emt 0:00:13]} 8. O-O {[%emt 0:00:10]} Nbd7 {[%emt 0:00:21]} 9. Qe2 {[%emt 0:00:06]} c5 {[%emt 0:01:25]} 10. c3 {[%emt 0:00:16]} Ne4 {[%emt 0:01:11]} 11. Ne5 {[%emt 0:00:31]} f6 {[%emt 0:03:43]} 12. Nxd7 {[%emt 0:01:00]} Qxd7 {[%emt 0:00:12]} 13. Rad1 {[%emt 0:02:21]} Nxd2 {[%emt 0:02:33]} 14. Rxd2 {[%emt 0:00:13]} Bd6 {[%emt 0:18:16]} 15. Bxd6 {[%emt 0:00:17]} Qxd6 {[%emt 0:00:08]} 16. e4 {[%emt 0:03:24]} cxd4 {[%emt 0:01:55]} 17. cxd4 {[%emt 0:00:08]} dxe4 {[%emt 0:02:34]} 18. Bxe4 {[%emt 0:00:11]} Bxe4 {[%emt 0:00:09]} 19. Qxe4 {[%emt 0:00:05]} Qd5 {[%emt 0:00:45]} 20. Re1 {[%emt 0:06:44]} Qxe4 {[%emt 0:00:52]} 21. Rxe4 {[%emt 0:00:06]} Rfe8 {[%emt 0:02:07]} 22. Rde2 {[%emt 0:00:46]} Kf7 {[%emt 0:00:40]} 23. Kf1 {[%emt 0:00:44]} Rad8 {[%emt 0:01:31]} 24. Rd2 {[%emt 0:04:08]} Rd5 {[%emt 0:00:23]} 25. g4 {[%emt 0:03:46]} Red8 {[%emt 0:02:33]} 26. Ke2 {[%emt 0:00:34]} e5 {[%emt 0:02:28]} 27. Ke3 {[%emt 0:00:21]} g6 {[%emt 0:08:01]} 28. f4 {[%emt 0:00:34]} Rxd4 {[%emt 0:01:42]} 29. Rexd4 {[%emt 0:00:16]} exd4+ {[%emt 0:00:18]} 30. Rxd4 {[%emt 0:00:06]} Rxd4 {[%emt 0:00:22]} 31. Kxd4 {[%emt 0:00:06]} Ke6 {[%emt 0:00:08]} 32. Ke4 {[%emt 0:10:59]} f5+ {[%emt 0:01:03]} 33. gxf5+ {[%emt 0:00:16]} gxf5+ {[%emt 0:00:07]} 34. Kd4 {[%emt 0:00:11]} a6 {[%emt 0:02:15]} 35. h4 {[%emt 0:11:56]} Kd6 {[%emt 0:03:55]} 36. h5 {[%emt 0:00:16]} h6 {[%emt 0:00:36]} 37. a4 {[%emt 0:02:31]} a5 {[%emt 0:04:14]} 38. Kc4 {[%emt 0:01:16]} Kc6 {[%emt 0:02:09]} 39. b3 {[%emt 0:06:02]} Kd6 {[%emt 0:00:40]} 40. Kb5 {[%emt 0:01:26]} Kc7 {[%emt 0:01:04]} 41. b4 {[%emt 0:00:50]} axb4 {[%emt 0:00:15]} 42. Kxb4 {[%emt 0:00:07]} Kd6 {[%emt 0:00:36]} 43. Kb5 {[%emt 0:03:32]} Kc7 {[%emt 0:00:10]} 44. Kc4 {[%emt 0:01:00]} 1/2-1/2

[Event "Ceske Budejovice Open-A 2019"]
[Site "Ceske Budejovice"]
[Date "2019.07.03"]
[Round "5.18"]
[White "Stehlik, Jiri"]
[Black "Rolinkova, Lucie"]
[Result "1/2-1/2"]
[WhiteElo "1930"]
[BlackElo "1703"]
[Annotator "NA"]
[PlyCount "71"]
[EventDate "2019.07.02"]
[EventCountry "CZE"]
[SourceTitle "playchess.com"]
[Source "ChessBase"]
[SourceQuality "1"]
[TimeControl "5400+30"]

1. d4 {[%emt 0:48:05]} d5 {[%emt 0:01:26]} 2. Nf3 {[%emt 0:00:51]} Nc6 {[%emt 0:00:24]} 3. Bf4 {[%emt 0:00:06]} Bg4 {[%emt 0:00:51]} 4. Nbd2 {[%emt 0:00:09]} e6 {[%emt 0:00:47]} 5. e3 {[%emt 0:00:18]} Bd6 {[%emt 0:01:41]} 6. Bxd6 {[%emt 0:00:27]} cxd6 {[%emt 0:00:48]} 7. Be2 {[%emt 0:00:22]} Nf6 {[%emt 0:02:47]} 8. O-O {[%emt 0:00:28]} e5 {[%emt 0:01:06]} 9. h3 {[%emt 0:01:30]} Bh5 {[%emt 0:05:23]} 10. c3 {[%emt 0:01:09]} Qe7 {[%emt 0:02:33]} 11. Re1 {[%emt 0:00:41]} h6 {[%emt 0:00:54]} 12. b4 {[%emt 0:03:14]} Rg8 {[%emt 0:07:15]} 13. Nh2 {[%emt 0:02:54]} Bxe2 {[%emt 0:01:31]} 14. Qxe2 {[%emt 0:00:16]} g5 {[%emt 0:00:59]} 15. a4 {[%emt 0:03:22]} h5 {[%emt 0:03:01]} 16. g3 {[%emt 0:01:04]} Nd7 {[%emt 0:02:10]} 17. b5 {[%emt 0:04:58]} Na5 {[%emt 0:07:59]} 18. c4 {[%emt 0:05:14]} Qe6 {[%emt 0:05:12]} 19. Rac1 {[%emt 0:04:14]} Qxh3 {[%emt 0:08:09]} 20. cxd5 {[%emt 0:00:56]} Nf6 {[%emt 0:20:59]} 21. dxe5 {[%emt 0:01:55]} Ng4 {[%emt 0:07:36]} 22. Nxg4 {[%emt 0:05:13]} hxg4 {[%emt 0:00:14]} 23. Qf1 {[%emt 0:00:42]} Qh6 {[%emt 0:08:38]} 24. exd6 {[%emt 0:02:37]} Qxd6 {[%emt 0:00:36]} 25. Nc4 {[%emt 0:00:44]} Nxc4 {[%emt 0:01:28]} 26. Qxc4 {[%emt 0:00:07]} f5 {[%emt 0:01:35]} 27. Qc5 {[%emt 0:04:03]} Kd7 {[%emt 0:01:46]} 28. Qd4 {[%emt 0:02:02]} a6 {[%emt 0:02:06]} 29. b6 {[%emt 0:01:45]} Rac8 {[%emt 0:00:54]} 30. a5 {[%emt 0:01:16]} Qa3 {[%emt 0:01:25]} 31. Rxc8 {[%emt 0:00:44]} Rxc8 {[%emt 0:00:14]} 32. Qg7+ {[%emt 0:00:40]} Qe7 {[%emt 0:00:02]} 33. Qd4 {[%emt 0:00:39]} Qe4 {[%emt 0:00:38]} 34. Qg7+ {[%emt 0:00:31]} Qe7 {[%emt 0:00:02]} 35. Qd4 {[%emt 0:00:18]} Qe4 {[%emt 0:00:09]} 36. Qg7+ {[%emt 0:00:25]} 1/2-1/2

[Event "Ceske Budejovice Open-A 2019"]
[Site "Ceske Budejovice"]
[Date "2019.07.03"]
[Round "5.19"]
[White "Vahala, Tomas"]
[Black "Kaspar, Jonas"]
[Result "1-0"]
[WhiteElo "1774"]
[BlackElo "1890"]
[Annotator "NA"]
[PlyCount "137"]
[EventDate "2019.07.02"]
[EventCountry "CZE"]
[SourceTitle "playchess.com"]
[Source "ChessBase"]
[SourceQuality "1"]
[TimeControl "5400+30"]

1. d4 Nf6 2. c4 g6 3. Nc3 Bg7 4. e4 d6 5. h3 O-O 6. Be3 Nbd7 7. g4 e5 8. d5 Nc5 9. Bg2 a5 10. Nge2 Nfd7 11. Ng3 a4 12. Bf3 Nb6 13. Be2 Bd7 14. h4 Qe7 15. Qd2 Nc8 16. h5 Qe8 17. hxg6 fxg6 18. g5 Nb6 19. Kf1 Qc8 20. Kg2 Rf7 21. Rh4 Qd8 22. Rah1 Bh8 23. Qe1 Qe7 24. Qg1 Na6 25. a3 Nc5 26. Qh2 Nb3 27. Rh6 Rg7 28. Nb5 Bxb5 29. cxb5 Nd7 30. Bg4 Nf8 31. Qh4 Nd4 32. Nf5 Nxf5 33. exf5 gxf5 34. Bxf5 Ra5 35. Qh5 Qf7 36. g6 Nxg6 37. Kf1 Nf8 38. Qh3 Rxb5 39. Be6 Nxe6 40. dxe6 Qe7 41. Rxh7 Rxh7 42. Qxh7+ Qxh7 43. Rxh7 Bf6 44. e7 Bxe7 45. Rxe7 c6 46. Re6 Rd5 47. Ke2 Kf7 48. Rh6 b5 49. Rh4 Kf6 50. f3 c5 51. Rh1 c4 52. Rd1 Rxd1 53. Kxd1 Kf5 54. Kd2 Ke6 55. f4 exf4 56. Bxf4 d5 57. Kc3 Kf5 58. Be3 Ke4 59. Bd4 Kf3 60. Bf6 Ke3 61. Kb4 d4 62. Kxb5 c3 63. bxc3 dxc3 64. Bxc3 Ke4 65. Kxa4 Kd5 66. Kb5 Kd6 67. Kb6 Kd7 68. Kb7 Kd6 69. a4 1-0

[Event "Ceske Budejovice Open-A 2019"]
[Site "Ceske Budejovice"]
[Date "2019.07.03"]
[Round "5.20"]
[White "Asatryan, Manvel"]
[Black "Puncochar, Jiri"]
[Result "1/2-1/2"]
[WhiteElo "1799"]
[BlackElo "2014"]
[Annotator "NA"]
[PlyCount "47"]
[EventDate "2019.07.02"]
[EventCountry "CZE"]
[SourceTitle "playchess.com"]
[Source "ChessBase"]
[SourceQuality "1"]
[TimeControl "5400+30"]

1. e4 {[%emt 0:00:00]} c5 {[%emt 0:00:00]} 2. c3 {[%emt 0:00:00]} d5 {[%emt 0:00:00]} 3. exd5 {[%emt 0:00:00]} Qxd5 {[%emt 0:00:00]} 4. d4 {[%emt 0:00:00]} g6 {[%emt 0:00:22]} 5. Nf3 {[%emt 0:00:04]} Bg7 {[%emt 0:00:17]} 6. Be2 {[%emt 0:00:33]} Nc6 {[%emt 0:04:18]} 7. Be3 {[%emt 0:04:04]} cxd4 {[%emt 0:00:17]} 8. cxd4 {[%emt 0:00:10]} Nh6 {[%emt 0:02:11]} 9. Nc3 {[%emt 0:01:10]} Qa5 {[%emt 0:00:33]} 10. O-O {[%emt 0:00:36]} Nf5 {[%emt 0:04:42]} 11. a3 {[%emt 0:03:37]} O-O {[%emt 0:02:19]} 12. b4 {[%emt 0:02:26]} Qd8 {[%emt 0:00:47]} 13. Rc1 {[%emt 0:01:08]} Ncxd4 {[%emt 0:01:33]} 14. Nxd4 {[%emt 0:07:13]} Nxd4 {[%emt 0:00:12]} 15. Bf3 {[%emt 0:01:41]} Nxf3+ {[%emt 0:01:40]} 16. Qxf3 {[%emt 0:00:02]} Be6 {[%emt 0:44:00]} 17. Qxb7 {[%emt 0:09:30]} Qd7 {[%emt 0:06:23]} 18. Qxd7 {[%emt 0:08:18]} Bxd7 {[%emt 0:00:02]} 19. Bc5 {[%emt 0:01:39]} Bxc3 {[%emt 0:05:53]} 20. Rxc3 {[%emt 0:02:26]} Rfc8 {[%emt 0:00:11]} 21. Rfc1 {[%emt 0:05:29]} e6 {[%emt 0:01:14]} 22. Be3 {[%emt 0:04:15]} Rxc3 {[%emt 0:01:25]} 23. Rxc3 {[%emt 0:00:01]} a6 {[%emt 0:01:29]} 24. h3 {[%emt 0:00:37]} 1/2-1/2

[Event "Ceske Budejovice Open-A 2019"]
[Site "Ceske Budejovice"]
[Date "2019.07.03"]
[Round "5.21"]
[White "Brhlik, Antonin"]
[Black "Nezval, Filip"]
[Result "0-1"]
[WhiteElo "1639"]
[BlackElo "1860"]
[Annotator "NA"]
[PlyCount "82"]
[EventDate "2019.07.02"]
[EventCountry "CZE"]
[SourceTitle "playchess.com"]
[Source "ChessBase"]
[SourceQuality "1"]
[TimeControl "5400+30"]

1. e4 {[%emt 0:00:00]} c6 {[%emt 0:00:00]} 2. d4 {[%emt 0:00:00]} d5 {[%emt 0:00:00]} 3. e5 {[%emt 0:00:00]} Bf5 {[%emt 0:00:00]} 4. Nc3 {[%emt 0:00:05]} e6 {[%emt 0:00:09]} 5. g4 {[%emt 0:00:11]} Bg6 {[%emt 0:00:18]} 6. Nge2 {[%emt 0:00:16]} c5 {[%emt 0:27:42]} 7. h4 {[%emt 0:17:05]} cxd4 {[%emt 0:12:59]} 8. Nxd4 {[%emt 0:03:02]} h5 {[%emt 0:07:06]} 9. g5 {[%emt 0:12:51]} Nc6 {[%emt 0:10:56]} 10. Bb5 {[%emt 0:19:40]} Nge7 {[%emt 0:04:33]} 11. Be3 {[%emt 0:19:27]} a6 {[%emt 0:02:46]} 12. Bd3 {[%emt 0:07:35]} Bxd3 {[%emt 0:02:36]} 13. Qxd3 {[%emt 0:00:24]} Nxe5 {[%emt 0:01:08]} 14. Qe2 {[%emt 0:00:48]} N5c6 {[%emt 0:02:33]} 15. O-O-O {[%emt 0:06:27]} Qc7 {[%emt 0:04:41]} 16. f4 {[%emt 0:03:53]} O-O-O {[%emt 0:02:42]} 17. Qf2 {[%emt 0:02:06]} Nxd4 {[%emt 0:04:10]} 18. Bxd4 {[%emt 0:00:23]} Qc6 {[%emt 0:02:35]} 19. Rd3 {[%emt 0:02:34]} Kb8 {[%emt 0:03:25]} 20. Ne2 {[%emt 0:01:07]} Nf5 {[%emt 0:01:01]} 21. Rc3 {[%emt 0:01:01]} Qd7 {[%emt 0:01:33]} 22. Bb6 {[%emt 0:00:16]} Rc8 {[%emt 0:00:48]} 23. Rhh3 {[%emt 0:00:59]} Bd6 {[%emt 0:00:35]} 24. Kb1 {[%emt 0:00:32]} g6 {[%emt 0:01:28]} 25. Nd4 {[%emt 0:00:53]} Rxc3 {[%emt 0:04:53]} 26. Rxc3 {[%emt 0:00:18]} Nxd4 {[%emt 0:00:57]} 27. Bxd4 {[%emt 0:00:51]} Rc8 {[%emt 0:00:02]} 28. Rxc8+ {[%emt 0:00:38]} Qxc8 {[%emt 0:00:02]} 29. Qe3 {[%emt 0:00:30]} Qc4 {[%emt 0:00:18]} 30. b3 {[%emt 0:00:33]} Qf1+ {[%emt 0:00:10]} 31. Kb2 {[%emt 0:00:17]} Qxf4 {[%emt 0:00:25]} 32. Qc3 {[%emt 0:00:43]} e5 {[%emt 0:02:01]} 33. Bb6 {[%emt 0:00:26]} Qb4 {[%emt 0:01:02]} 34. Bc7+ {[%emt 0:00:34]} Ka7 {[%emt 0:00:31]} 35. Qxb4 {[%emt 0:00:28]} Bxb4 {[%emt 0:00:04]} 36. Bxe5 {[%emt 0:00:11]} Be1 {[%emt 0:00:17]} 37. Bd4+ {[%emt 0:00:51]} Kb8 {[%emt 0:00:09]} 38. Be5+ {[%emt 0:00:31]} Kc8 {[%emt 0:00:02]} 39. Bf6 {[%emt 0:00:31]} Kd7 {[%emt 0:00:28]} 40. Kc1 {[%emt 0:00:23]} Bxh4 {[%emt 0:00:17]} 41. Kd2 {[%emt 0:00:34]} Ke6 {[%emt 0:00:27]} 0-1

[Event "Ceske Budejovice Open-A 2019"]
[Site "Ceske Budejovice"]
[Date "2019.07.03"]
[Round "5.22"]
[White "Stodola, Zdenek"]
[Black "Pavlicek, Adam"]
[Result "0-1"]
[WhiteElo "1551"]
[BlackElo "1651"]
[Annotator "NA"]
[PlyCount "52"]
[EventDate "2019.07.02"]
[EventCountry "CZE"]
[SourceTitle "playchess.com"]
[Source "ChessBase"]
[SourceQuality "1"]
[TimeControl "5400+30"]

1. d4 {[%emt 0:00:00]} Nf6 {[%emt 0:00:00]} 2. c4 {[%emt 0:00:00]} e6 {[%emt 0:01:57]} 3. Nc3 {[%emt 0:00:00]} d5 {[%emt 0:02:50]} 4. Bg5 {[%emt 0:00:00]} Be7 {[%emt 0:01:18]} 5. e3 {[%emt 0:00:00]} O-O {[%emt 0:01:38]} 6. Nf3 {[%emt 0:00:07]} b6 {[%emt 0:02:47]} 7. cxd5 {[%emt 0:00:06]} Nxd5 {[%emt 0:02:26]} 8. Bxe7 {[%emt 0:00:05]} Nxe7 {[%emt 0:00:17]} 9. Bd3 {[%emt 0:00:27]} Bb7 {[%emt 0:00:56]} 10. O-O {[%emt 0:03:16]} Nd5 {[%emt 0:02:46]} 11. e4 {[%emt 0:00:45]} Nxc3 {[%emt 0:03:05]} 12. bxc3 {[%emt 0:00:03]} Nd7 {[%emt 0:00:46]} 13. Qc2 {[%emt 0:01:32]} c5 {[%emt 0:00:58]} 14. Rad1 {[%emt 0:02:14]} cxd4 {[%emt 0:05:24]} 15. cxd4 {[%emt 0:01:06]} h6 {[%emt 0:01:26]} 16. d5 {[%emt 0:05:53]} exd5 {[%emt 0:03:07]} 17. exd5 {[%emt 0:02:32]} Nf6 {[%emt 0:00:45]} 18. Qb3 {[%emt 0:05:50]} Qd6 {[%emt 0:01:15]} 19. Rfe1 {[%emt 0:02:51]} Rfe8 {[%emt 0:03:37]} 20. Nh4 {[%emt 0:07:20]} Rxe1+ {[%emt 0:02:06]} 21. Rxe1 {[%emt 0:00:03]} Bxd5 {[%emt 0:01:44]} 22. Qd1 {[%emt 0:07:22]} Qd7 {[%emt 0:12:48]} 23. Nf5 {[%emt 0:03:32]} Be6 {[%emt 0:00:22]} 24. Qf3 {[%emt 0:07:27]} Rd8 {[%emt 0:00:56]} 25. Re3 {[%emt 0:16:05]} Bxf5 {[%emt 0:01:08]} 26. Qxf5 {[%emt 0:03:24]} Qxf5 {[%emt 0:00:09]} 0-1

[Event "Ceske Budejovice Open-A 2019"]
[Site "Ceske Budejovice"]
[Date "2019.07.03"]
[Round "5.23"]
[White "Solovyova, Anastasia"]
[Black "Valasek, Jakub"]
[Result "1-0"]
[WhiteElo "1835"]
[BlackElo "1636"]
[Annotator "NA"]
[PlyCount "69"]
[EventDate "2019.07.02"]
[EventCountry "CZE"]
[SourceTitle "playchess.com"]
[Source "ChessBase"]
[SourceQuality "1"]
[TimeControl "5400+30"]

1. d4 {[%emt 0:00:00]} d5 {[%emt 0:00:00]} 2. c4 c6 3. Nf3 {[%emt 0:01:30]} e6 {[%emt 0:02:06]} 4. g3 {[%emt 0:08:34]} Nd7 5. Qc2 {[%emt 0:00:36]} Ngf6 {[%emt 0:04:31]} 6. Bg2 Be7 {[%emt 0:03:00]} 7. O-O {[%emt 0:02:09]} O-O {[%emt 0:04:02]} 8. Bf4 {[%emt 0:14:13]} Nh5 {[%emt 0:02:33]} 9. Bc1 {[%emt 0:02:14]} f5 {[%emt 0:04:41]} 10. b3 {[%emt 0:04:45]} Re8 {[%emt 0:08:06]} 11. Bb2 {[%emt 0:10:32]} Nhf6 12. Ne5 Nxe5 {[%emt 0:04:29]} 13. dxe5 {[%emt 0:00:37]} Ne4 {[%emt 0:05:31]} 14. e3 {[%emt 0:11:22]} Qb6 {[%emt 0:02:22]} 15. Nc3 {[%emt 0:06:52]} Nxc3 {[%emt 0:06:39]} 16. Bxc3 {[%emt 0:08:55]} a5 {[%emt 0:04:20]} 17. Rad1 Rd8 {[%emt 0:01:34]} 18. Bd4 {[%emt 0:05:23]} Bc5 19. cxd5 {[%emt 0:01:04]} Bxd4 {[%emt 0:04:16]} 20. dxc6 {[%emt 0:00:15]} Bxe5 {[%emt 0:03:44]} 21. Rxd8+ Qxd8 {[%emt 0:00:30]} 22. cxb7 {[%emt 0:00:36]} Bxb7 {[%emt 0:00:52]} 23. Bxb7 {[%emt 0:02:27]} Rb8 {[%emt 0:01:35]} 24. Rd1 {[%emt 0:01:12]} Qe7 {[%emt 0:02:16]} 25. Bc8 Qe8 26. Bd7 {[%emt 0:02:51]} Qe7 {[%emt 0:05:56]} 27. Qc6 {[%emt 0:01:19]} Kf7 {[%emt 0:05:00]} 28. f4 Bb2 29. Bxe6+ {[%emt 0:03:46]} Qxe6 {[%emt 0:02:39]} 30. Rd7+ Qxd7 {[%emt 0:01:32]} 31. Qxd7+ {[%emt 0:00:13]} Kg8 {[%emt 0:00:54]} 32. Qd5+ {[%emt 0:00:49]} Kh8 {[%emt 0:00:33]} 33. Qxa5 {[%emt 0:00:37]} Rf8 34. Qc5 Kg8 {[%emt 0:04:44]} 35. a4 {[%emt 0:00:41]} 1-0

[Event "Ceske Budejovice Open-A 2019"]
[Site "Ceske Budejovice"]
[Date "2019.07.03"]
[Round "5.24"]
[White "Chval, Petr"]
[Black "Petras, Milan"]
[Result "1-0"]
[WhiteElo "1885"]
[BlackElo "1935"]
[Annotator "NA"]
[PlyCount "65"]
[EventDate "2019.07.02"]
[EventCountry "CZE"]
[SourceTitle "playchess.com"]
[Source "ChessBase"]
[SourceQuality "1"]
[TimeControl "5400+30"]

1. e4 {[%emt 0:00:38]} e6 {[%emt 0:00:00]} 2. d4 {[%emt 0:00:15]} d5 {[%emt 0:00:00]} 3. Nc3 {[%emt 0:00:17]} Bb4 {[%emt 0:00:13]} 4. Qg4 {[%emt 0:00:10]} Nf6 {[%emt 0:00:48]} 5. Qxg7 {[%emt 0:00:11]} Rg8 {[%emt 0:00:08]} 6. Qh6 {[%emt 0:00:05]} dxe4 {[%emt 0:01:59]} 7. Nge2 {[%emt 0:02:27]} c5 {[%emt 0:07:27]} 8. dxc5 {[%emt 0:00:43]} Rg6 {[%emt 0:01:52]} 9. Qh4 {[%emt 0:07:37]} Rg4 {[%emt 0:02:00]} 10. Qh6 {[%emt 0:00:40]} Rg6 {[%emt 0:00:55]} 11. Qh4 {[%emt 0:06:05]} Bxc5 {[%emt 0:27:00]} 12. Bg5 {[%emt 0:02:14]} Nbd7 {[%emt 0:12:00]} 13. O-O-O {[%emt 0:04:07]} Qa5 {[%emt 0:06:36]} 14. Bxf6 {[%emt 0:02:36]} Nxf6 {[%emt 0:01:12]} 15. Nf4 {[%emt 0:01:16]} Be7 {[%emt 0:25:21]} 16. Nxg6 {[%emt 0:04:24]} fxg6 {[%emt 0:00:08]} 17. Bb5+ {[%emt 0:06:20]} Kf8 {[%emt 0:04:26]} 18. Kb1 {[%emt 0:06:00]} Kg7 {[%emt 0:00:34]} 19. Bc4 {[%emt 0:03:04]} Qc5 {[%emt 0:03:24]} 20. Bb3 {[%emt 0:00:34]} Nd5 {[%emt 0:00:58]} 21. Qg3 {[%emt 0:06:13]} e3 {[%emt 0:02:45]} 22. Nxd5 {[%emt 0:00:51]} e2 {[%emt 0:00:11]} 23. Rd2 {[%emt 0:03:16]} exd5 {[%emt 0:00:10]} 24. Rxd5 {[%emt 0:01:46]} Qb4 {[%emt 0:00:20]} 25. Qe5+ {[%emt 0:00:47]} Kh6 {[%emt 0:00:13]} 26. Qxe2 {[%emt 0:01:19]} Bg5 {[%emt 0:01:36]} 27. h4 {[%emt 0:01:49]} Bf4 {[%emt 0:00:17]} 28. g3 {[%emt 0:02:47]} Bc7 {[%emt 0:00:17]} 29. f4 {[%emt 0:01:18]} Bf5 30. Rxf5 {[%emt 0:01:59]} gxf5 {[%emt 0:00:26]} 31. Qe6+ {[%emt 0:00:14]} Kh5 {[%emt 0:00:26]} 32. Qxf5+ {[%emt 0:00:21]} Kh6 {[%emt 0:00:01]} 33. Qg5# 1-0

[Event "Ceske Budejovice Open-A 2019"]
[Site "Ceske Budejovice"]
[Date "2019.07.03"]
[Round "5.25"]
[White "Kovar, Petr"]
[Black "Sedivy, Karel"]
[Result "1/2-1/2"]
[WhiteElo "1937"]
[BlackElo "1757"]
[Annotator "NA"]
[PlyCount "33"]
[EventDate "2019.07.02"]
[EventCountry "CZE"]
[SourceTitle "playchess.com"]
[Source "ChessBase"]
[SourceQuality "1"]
[TimeControl "5400+30"]

1. e4 {[%emt 0:00:00]} c5 {[%emt 0:00:00]} 2. d4 {[%emt 0:00:00]} cxd4 {[%emt 0:00:42]} 3. c3 {[%emt 0:00:01]} Nc6 {[%emt 0:02:57]} 4. Bc4 {[%emt 0:01:21]} e6 {[%emt 0:01:19]} 5. cxd4 {[%emt 0:02:12]} Nf6 {[%emt 0:01:47]} 6. Nc3 {[%emt 0:03:15]} Bb4 {[%emt 0:01:57]} 7. e5 {[%emt 0:01:40]} Ne4 {[%emt 0:02:15]} 8. Qd3 {[%emt 0:00:10]} d5 {[%emt 0:06:55]} 9. Bb3 {[%emt 0:06:16]} O-O {[%emt 0:06:27]} 10. Nf3 {[%emt 0:01:13]} Qa5 {[%emt 0:01:34]} 11. Bd2 {[%emt 0:01:37]} Nxd2 {[%emt 0:04:00]} 12. Nxd2 {[%emt 0:00:23]} Qb6 {[%emt 0:02:44]} 13. Nf3 {[%emt 0:01:35]} Qa6 {[%emt 0:04:56]} 14. Bc2 {[%emt 0:03:59]} Qxd3 {[%emt 0:00:19]} 15. Bxd3 h6 {[%emt 0:00:38]} 16. O-O {[%emt 0:00:27]} Bxc3 {[%emt 0:01:47]} 17. bxc3 1/2-1/2